Представление документа в формате MARC21

ПолеНазваниеЗначение
  Тип записи a
  Библиографический уровень m
001 Контрольный номер RU\infra-m\znanium\bibl\553303
005 Дата корректировки 20230313235200.5
008 Кодируемые данные 211015s2016 RU g rus u
020 Индекс ISBN __
a ISBN 978-5-369-01560-5
020 Индекс ISBN __
a ISBN 978-5-16-104817-7
020 Индекс ISBN __
a ISBN 978-5-16-014925-7
040 Источник каталогиз. __
a Служба первич. каталог. Общество с ограниченной ответственностью «ЗНАНИУМ»
041 Код языка издания __
a Код языка текста rus
044 Код страны публикации __
a Код страны публикации RU
080 Индекс УДК __
a Индекс УДК 331
084 Индекс другой классификации/Индекс ББК __
2 Источник индекса rubbk
a Индекс другой классификации/Индекс ББК 65.24
084 Индекс другой классификации/Индекс ББК __
2 Источник индекса okso
a Индекс другой классификации/Индекс ББК 38.03.01
084 Индекс другой классификации/Индекс ББК __
2 Источник индекса okso
a Индекс другой классификации/Индекс ББК 38.03.03
084 Индекс другой классификации/Индекс ББК __
2 Источник индекса okso
a Индекс другой классификации/Индекс ББК 44.03.01
084 Индекс другой классификации/Индекс ББК __
2 Источник индекса okso
a Индекс другой классификации/Индекс ББК 41.03.06
084 Индекс другой классификации/Индекс ББК __
2 Источник индекса okso
a Индекс другой классификации/Индекс ББК 38.02.04
084 Индекс другой классификации/Индекс ББК __
2 Источник индекса okso
a Индекс другой классификации/Индекс ББК 31.02.04
084 Индекс другой классификации/Индекс ББК __
2 Источник индекса okso
a Индекс другой классификации/Индекс ББК 38.02.07
084 Индекс другой классификации/Индекс ББК __
2 Источник индекса okso
a Индекс другой классификации/Индекс ББК 38.02.03
100 Автор __
a Автор Сотникова Светлана Ивановна
q Полное имя Светлана Ивановна
245 Заглавие __
a Заглавие Экономика и управление персоналом: энциклопедический словарь
b Продолж. заглавия Справочная литература
c Ответственность Новосибирский государственный университет экономики и управления
250 Сведения об издании __
a Основные сведения об издании 2
260 Выходные данные __
a Место издания Москва
b Издательство Издательский Центр РИОР
c Дата издания 2016
300 Физическое описание __
a Объем 373 с.
520 Аннотация __
a Аннотация Цель данного издания — дать углубленное теоретическое толко вание основополагающих понятий и категорий науки экономики и управления персоналом узловых элементов теории отражающих в обобщенном виде отдельные наиболее важные аспекты социально-трудовых отношений их свойства и взаимосвязи.
521 Примеч. о цел. назн. __
a Примеч. о целев. назн. Дополнительное профессиональное образование
650 Тематические рубрики __
a Основная рубрика Управление (менеджмент)
x Основная подрубрика Управление персоналом
856 Электронный адрес документа 4_
a Имя сервера/домена znanium.com
m Помощь ebs_support@infra-m.ru
n Местонахождение сервера НИЦ ИНФРА-М
u URL https://znanium.com/catalog/document?id=295053
856 Электронный адрес документа 41
a Имя сервера/домена znanium.com
d Путь /cover/0553
f Электронное имя 553303.jpg
q Тип электронного формата image/jpeg
u URL https://znanium.com/cover/0553/553303.jpg
911 __
u 0030=https://znanium.com/catalog/document?id=295053
911 __
u 608a=Справочная литература
u 6082=local
911 __
u 9033=03
911 __
u 951p=s://znanium.com/catalog/document?id=295053&pid=